[Event "Prague Challengers 6th"]
[Site "Prague"]
[Date "2024.03.02"]
[Round "5"]
[White "Vaishali, Ramesh Babu"]
[Black "L'Ami, Erwin"]
[Result "0-1"]
[WhiteElo "2481"]
[BlackElo "2636"]
[PlyCount "134"]
[EventDate "2024.02.26"]
[EventType "tourn"]
[EventRounds "9"]
[EventCountry "CZE"]
[EventCategory "12"]
[SourceTitle "CB11_2024"]
[SourceDate "2024.03.13"]
[SourceVersion "1"]
[SourceVersionDate "2024.03.13"]
[SourceQuality "1"]

1. e4 c6 2. d4 d5 3. exd5 cxd5 4. Bd3 Nf6 5. c3 Bg4 6. Qb3 Qc7 7. h3 Bd7 8. Nf3 e6 9. 0-0 Bd6 10. Re1 Bc6 11. Qc2 Nbd7 12. b3 0-0 13. Ba3 Bxa3 14. Nxa3 Rfc8 15. Re3 Qa5 16. Qb2 b5 17. b4 Qb6 18. Ne5 a6 19. Nc2 Nf8 20. Rae1 a5 21. bxa5 Qxa5 22. Nb4 Bb7 23. Rf3 Rc7 24. Rxf6 gxf6 25. Ng4 f5 26. Nf6+ Kg7 27. Nh5+ Kh8 28. Qd2 f6 29. Qh6 Rf7 30. Bxf5 Qc7 31. Bxe6 Re8 32. Nf4 Nxe6 33. Rxe6 Rxe6 34. Nxe6 Qxc3 35. Nd8 Rg7 36. Qxf6 Qe1+ 37. Kh2 Qe7 38. Qxe7 Rxe7 39. f4 Bc8 40. g4 Re4 41. f5 Rxd4 42. Nbc6 Re4 43. Nf7+ Kg7 44. Nd6 Re2+ 45. Kg3 Bd7 46. Kf3 Rxa2 47. Ne5 Kf6 48. Nxd7+ Ke7 49. Nxb5 Kxd7 50. Kf4 Ra5 51. Nd4 Kd6 52. Nf3 Ra4+ 53. Kg5 Re4 54. Kf6 d4 55. g5 d3 56. h4 Rxh4 57. Nd2 Rf4 58. Nb1 Kd5 59. Nd2 Rf2 60. Nb1 Ke4 61. Nc3+ Kd4 62. Nb5+ Kc4 63. Nd6+ Kd5 64. Nb5 d2 65. Nc3+ Kd4 66. Nd1 Rf1 67. Nb2 Rb1 0-1

[Event "Prague Challengers 6th"]
[Site "Prague"]
[Date "2024.03.01"]
[Round "4"]
[White "L'Ami, Erwin"]
[Black "Korobov, Anton"]
[Result "0-1"]
[WhiteElo "2636"]
[BlackElo "2666"]
[PlyCount "74"]
[EventDate "2024.02.26"]
[EventType "tourn"]
[EventRounds "9"]
[EventCountry "CZE"]
[EventCategory "12"]
[SourceTitle "CB11_2024"]
[SourceDate "2024.03.13"]
[SourceVersion "1"]
[SourceVersionDate "2024.03.13"]
[SourceQuality "1"]

1. d4 Nf6 2. c4 e6 3. Nf3 b6 4. a3 Bb7 5. Nc3 d5 6. Bg5 Be7 7. Bxf6 Bxf6 8. cxd5 exd5 9. Qa4+ c6 10. g3 0-0 11. Bg2 Na6 12. 0-0 Nc7 13. Rad1 Ne6 14. Rfe1 Re8 15. e4 b5 16. Qc2 Qb6 17. e5 Be7 18. Ne2 c5 19. Nf4 c4 20. Re3 a5 21. h4 b4 22. Bh3 Nxf4 23. gxf4 b3 24. Qd2 Qg6+ 25. Kh1 Bc8 26. Rg1 Qh5 27. Bxc8 Rexc8 28. Rg3 Qf5 29. Kg2 Qxf4 30. h5 Ra6 31. Re1 Qf5 32. h6 Rg6 33. Qxa5 c3 34. bxc3 b2 35. Qxd5 Rxg3+ 36. fxg3 Rxc3 37. Qa8+ Rc8 0-1

[Event "Tata Steel-B 86th"]
[Site "Wijk aan Zee"]
[Date "2024.01.26"]
[Round "11"]
[White "L'Ami, Erwin"]
[Black "Divya, Deshmukh"]
[Result "1-0"]
[WhiteElo "2627"]
[BlackElo "2420"]
[PlyCount "91"]
[EventDate "2024.01.13"]
[EventType "tourn"]
[EventRounds "13"]
[EventCountry "NED"]
[EventCategory "13"]
[SourceTitle "CB05_2024"]
[SourceDate "2024.01.31"]
[SourceVersion "1"]
[SourceVersionDate "2024.01.31"]
[SourceQuality "1"]

1. e4 e5 2. Nf3 Nc6 3. Bb5 Nf6 4. 0-0 Nxe4 5. d4 Nd6 6. Bxc6 dxc6 7. dxe5 Nf5 8. Qxd8+ Kxd8 9. h3 Be7 10. Nc3 Nh4 11. Nxh4 Bxh4 12. Ne2 h5 13. Bf4 Bd7 14. Rad1 Kc8 15. Nd4 c5 16. Nf3 Be7 17. Bg5 Re8 18. Bxe7 Rxe7 19. Rfe1 b6 20. Ng5 Bf5 21. c4 Kb7 22. f4 a5 23. Kf2 a4 24. Nf3 Be6 25. Rc1 Rd7 26. Kg3 Rd3 27. Kh4 Rad8 28. Re2 Kc8 29. Rf2 f6 30. Kxh5 fxe5 31. Nxe5 Re3 32. Rc3 Re4 33. Kg5 Rf8 34. Rcf3 Bxc4 35. Nxc4 Rxc4 36. Kg6 Rd8 37. Kxg7 Rcd4 38. f5 R4d7+ 39. Kf6 Rf8+ 40. Ke5 Re8+ 41. Kf4 Rd4+ 42. Kg3 c4 43. f6 Rd3 44. f7 Rf8 45. Kg4 b5 46. Kg5 1-0

[Event "FIDE Grand Swiss"]
[Site "Douglas"]
[Date "2023.11.04"]
[Round "10"]
[White "Volokitin, Andrei"]
[Black "L'Ami, Erwin"]
[Result "1-0"]
[WhiteElo "2664"]
[BlackElo "2627"]
[PlyCount "97"]
[EventDate "2023.10.25"]
[EventType "swiss"]
[EventRounds "11"]
[EventCountry "IOM"]
[SourceTitle "Mega2024 Update 01"]
[Source "Chessbase"]
[SourceDate "2023.11.12"]
[SourceVersion "1"]
[SourceVersionDate "2023.11.12"]
[SourceQuality "1"]

1. e4 e5 2. Nf3 Nc6 3. Bc4 Bc5 4. 0-0 Nf6 5. d3 h6 6. c3 d6 7. Re1 0-0 8. h3 a6 9. a4 Ba7 10. Nbd2 Re8 11. b4 Be6 12. Bxe6 Rxe6 13. Qc2 Ne7 14. d4 Ng6 15. d5 Re8 16. c4 a5 17. bxa5 Nd7 18. Nb3 Nc5 19. Be3 Nxb3 20. Qxb3 Bxe3 21. Rxe3 Nf8 22. Qxb7 Rb8 23. Qc6 Nd7 24. Nd2 Nc5 25. Raa3 Qc8 26. Reb3 Nxb3 27. Rxb3 Rf8 28. a6 Rxb3 29. Nxb3 f5 30. a7 fxe4 31. Nd2 Qa8 32. Qxc7 Rf7 33. Qb8+ Rf8 34. Qc7 Rf7 35. Qb8+ Rf8 36. Qxa8 Rxa8 37. Nxe4 Rxa7 38. Nxd6 Rc7 39. a5 Kf8 40. a6 Ra7 41. c5 Rxa6 42. c6 Ra1+ 43. Kh2 Rc1 44. Kg3 Rc3+ 45. Kg4 g6 46. Nb5 Rc2 47. c7 Ke7 48. d6+ Kd7 49. Na7 1-0

[Event "FIDE Grand Swiss"]
[Site "Douglas"]
[Date "2023.11.01"]
[Round "7"]
[White "L'Ami, Erwin"]
[Black "Vitiugov, Nikita"]
[Result "0-1"]
[WhiteElo "2627"]
[BlackElo "2711"]
[PlyCount "122"]
[EventDate "2023.10.25"]
[EventType "swiss"]
[EventRounds "11"]
[EventCountry "IOM"]
[SourceTitle "Mega2024 Update 01"]
[Source "Chessbase"]
[SourceDate "2023.11.12"]
[SourceVersion "1"]
[SourceVersionDate "2023.11.12"]
[SourceQuality "1"]

1. d4 Nf6 2. c4 e6 3. Nf3 d5 4. Nc3 Be7 5. Bg5 h6 6. Bh4 0-0 7. e3 Nbd7 8. Rc1 c5 9. cxd5 Nxd5 10. Bxe7 Nxe7 11. Bb5 cxd4 12. Qxd4 Nf6 13. 0-0 Qxd4 14. Nxd4 Rd8 15. Rfd1 Bd7 16. Be2 Rac8 17. Bf3 b6 18. Bb7 Rb8 19. Ba6 Nc6 20. Kf1 Kf8 21. a3 Nxd4 22. Rxd4 Bc6 23. Rxd8+ Rxd8 24. f3 Rd2 25. b4 Ne8 26. Be2 Bb7 27. Ke1 Rb2 28. Nd1 Ra2 29. Rc3 f5 30. h3 Ke7 31. g4 Kf6 32. b5 g5 33. Rd3 Ke7 34. Nc3 Ra1+ 35. Kf2 Nf6 36. a4 Rc1 37. Bd1 Nd7 38. Ne2 Ra1 39. Ng3 Ra2+ 40. Kf1 Ne5 41. Rc3 Kd8 42. Rc2 Ra1 43. Rd2+ Ke7 44. Kf2 Nc4 45. Rd4 Ra2+ 46. Ne2 Ne5 47. f4 Nf3 48. Rc4 Bd5 49. Rc2 Ra1 50. Rc1 Rxc1 51. Nxc1 Nd2 52. Ne2 Ne4+ 53. Kg1 fxg4 54. hxg4 Kd6 55. Nd4 Kc5 56. f5 e5 57. Ne2 Kc4 58. Bc2 Nf6 59. e4 Bxe4 60. Bxe4 Nxe4 61. Kg2 Nf6 0-1

[Event "FIDE Grand Swiss"]
[Site "Douglas"]
[Date "2023.10.27"]
[Round "3"]
[White "L'Ami, Erwin"]
[Black "Caruana, Fabiano"]
[Result "1/2-1/2"]
[WhiteElo "2627"]
[BlackElo "2786"]
[PlyCount "62"]
[EventDate "2023.10.25"]
[EventType "swiss"]
[EventRounds "11"]
[EventCountry "IOM"]
[SourceTitle "Mega2024 Update 01"]
[Source "Chessbase"]
[SourceDate "2023.11.12"]
[SourceVersion "1"]
[SourceVersionDate "2023.11.12"]
[SourceQuality "1"]

1. d4 d5 2. c4 e6 3. Nf3 Nf6 4. Nc3 a6 5. cxd5 exd5 6. Bf4 Bd6 7. Be5 Be6 8. e3 Nc6 9. Be2 0-0 10. 0-0 Ne4 11. Nxe4 dxe4 12. Bxd6 Qxd6 13. Nd2 f5 14. Bc4 Nb4 15. Bxe6+ Qxe6 16. Qb3 Qxb3 17. Nxb3 Nd3 18. Nc1 Nb4 19. Ne2 Nd3 20. Nc1 Nb4 21. Ne2 Nd5 22. Nc3 Rfd8 23. Nxd5 Rxd5 24. Rfc1 c6 25. g3 Kf7 26. h4 a5 27. b3 Ke6 28. Rc4 g6 29. Rac1 Kd6 30. Kf1 Rb5 31. R1c2 h5 1/2-1/2

[Event "CZE-chT 2324"]
[Site "Czech Republic"]
[Date "2023.10.15"]
[Round "2.5"]
[White "L'Ami, Erwin"]
[Black "Haring, Filip"]
[Result "1-0"]
[WhiteElo "2627"]
[BlackElo "2441"]
[PlyCount "93"]
[EventDate "2023.10.14"]
[EventType "team-tourn"]
[EventRounds "11"]
[EventCountry "CZE"]
[SourceTitle "Mega2024 Update 01"]
[Source "Chessbase"]
[SourceDate "2023.11.12"]
[SourceVersion "1"]
[SourceVersionDate "2023.11.12"]
[SourceQuality "1"]
[WhiteTeam "Brno Moravska Slavia"]
[BlackTeam "Unichess"]
[WhiteTeamCountry "CZE"]
[BlackTeamCountry "CZE"]

1. d4 d5 2. c4 dxc4 3. Nf3 a6 4. e3 Bg4 5. Bxc4 e6 6. 0-0 Nf6 7. Be2 Nc6 8. b3 Bd6 9. Bb2 Qe7 10. Nbd2 e5 11. Nc4 exd4 12. Nxd4 Bxe2 13. Nxc6 Bxd1 14. Nxe7 Kxe7 15. Rfxd1 Rhd8 16. Nxd6 cxd6 17. e4 Rac8 18. Rd2 Rc6 19. Rad1 Ke6 20. f3 Ne8 21. g4 Rdc8 22. Kf2 Rc2 23. f4 f6 24. Ke3 R8c6 25. h4 h6 26. h5 R6c5 27. Bd4 Rc6 28. Kd3 Rxd2+ 29. Kxd2 d5 30. f5+ Kf7 31. exd5 Rd6 32. Rc1 Rxd5 33. Ke3 Rd7 34. a4 Nc7 35. Ke4 Re7+ 36. Kf3 Nd5 37. Rc8 Rd7 38. Ke4 Ne7 39. Ra8 Rc7 40. Bb6 Rc6 41. a5 Rd6 42. Rb8 Rd7 43. Bc5 Rc7 44. Bd6 Rd7 45. Ba3 Rc7 46. Rd8 Rc2 47. Rd7 1-0

[Event "NED-chT 2324"]
[Site "Netherlands"]
[Date "2023.09.16"]
[Round "1.2"]
[White "Bosch, Jeroen"]
[Black "L'Ami, Erwin"]
[Result "1/2-1/2"]
[WhiteElo "2408"]
[BlackElo "2630"]
[PlyCount "137"]
[EventDate "2023.09.16"]
[EventType "team-tourn"]
[EventRounds "9"]
[EventCountry "NED"]
[SourceTitle "EXT 2024"]
[Source "ChessBase"]
[SourceDate "2023.10.10"]
[SourceVersion "1"]
[SourceVersionDate "2023.10.10"]
[SourceQuality "1"]
[WhiteTeam "Den Bosch HMC"]
[BlackTeam "Apeldoorn"]
[WhiteTeamCountry "NED"]
[BlackTeamCountry "NED"]

1. e4 c5 2. Nf3 d6 3. d4 cxd4 4. Nxd4 Nf6 5. Nc3 a6 6. a3 e6 7. g4 d5 8. exd5 Nxd5 9. Qf3 Be7 10. Nxd5 Qxd5 11. Qxd5 exd5 12. Be2 Nc6 13. Be3 Ne5 14. Nf5 Bxf5 15. gxf5 0-0-0 16. 0-0-0 Nc4 17. Bd4 Bg5+ 18. Kb1 Nd2+ 19. Ka2 Rhe8 20. Bd3 Nf3 21. Bxg7 f6 22. h4 Bxh4 23. Rxh4 Nxh4 24. Bxf6 Nf3 25. Bxd8 Rxd8 26. f6 Rf8 27. Bxh7 d4 28. Be4 Rxf6 29. Bxf3 Rxf3 30. Rd2 Kc7 31. Kb1 Kc6 32. Kc1 Kc5 33. Kd1 Kc4 34. Ke2 Rf6 35. Rd3 Re6+ 36. Kd2 Rf6 37. Ke1 Re6+ 38. Kf1 Rb6 39. b3+ Kd5 40. Ke2 Ke4 41. Rh3 Rf6 42. f3+ Kd5 43. Rh5+ Kd6 44. Rh3 Kd5 45. Kd3 Rf5 46. Rg3 Rf4 47. Rh3 Rf5 48. c3 dxc3 49. Kxc3 Ke5 50. Kd3 Rf7 51. Ke3 Rc7 52. Rh5+ Kd6 53. Rh6+ Kd5 54. Rb6 Re7+ 55. Kd3 Rf7 56. Ke3 Re7+ 57. Kf4 Rf7+ 58. Kg4 Ke5 59. Kg3 Rg7+ 60. Kf2 Kd4 61. f4 Ke4 62. Rb4+ Kf5 63. Kf3 Rh7 64. Kg3 Rd7 65. Rb6 Rd3+ 66. Kf2 Kxf4 67. Rxb7 Rd2+ 68. Ke1 Ra2 69. Kd1 1/2-1/2

[Event "NED-ch KO"]
[Site "Utrecht"]
[Date "2023.07.07"]
[Round "3.6"]
[White "L'Ami, Erwin"]
[Black "Van Foreest, Jorden"]
[Result "1/2-1/2"]
[WhiteElo "2645"]
[BlackElo "2695"]
[PlyCount "104"]
[EventDate "2023.07.02"]
[EventType "k.o."]
[EventRounds "4"]
[EventCountry "NED"]
[SourceTitle "CBM 215 Extra"]
[Source "ChessBase"]
[SourceDate "2023.09.30"]
[SourceVersion "1"]
[SourceVersionDate "2023.09.30"]
[SourceQuality "1"]

1. d4 d5 2. c4 c6 3. cxd5 cxd5 4. Bf4 Nc6 5. e3 Nf6 6. Nc3 a6 7. Bd3 Bg4 8. Nge2 e6 9. h3 Bxe2 10. Qxe2 Bd6 11. Bg5 Be7 12. 0-0 0-0 13. Rac1 h6 14. Bh4 Ne8 15. Bg3 Bd6 16. Bb1 Rc8 17. Rcd1 f5 18. Bxd6 Nxd6 19. Rc1 Qe7 20. Qd1 Rc7 21. Ne2 g5 22. a3 Nc4 23. Rc2 Kg7 24. Qd3 Nd6 25. Rfc1 Rfc8 26. Ba2 Nd8 27. Nc3 Ne4 28. Na4 Rxc2 29. Rxc2 Rc7 30. Bb1 h5 31. Qd1 Rxc2 32. Bxc2 Nf6 33. b4 Nf7 34. Nc5 Nd6 35. Bd3 Kf7 36. a4 Qc7 37. a5 g4 38. h4 Nde4 39. Qe1 Ke7 40. g3 Kf7 41. Kg2 Nxc5 42. bxc5 Nd7 43. Bc2 Nb8 44. Ba4 Nc6 45. Bxc6 Qxc6 46. Qb4 Ke7 47. Qa3 Kd7 48. Kf1 Qb5+ 49. Ke1 Qb1+ 50. Ke2 Qb5+ 51. Ke1 Qb1+ 52. Ke2 Qb5+ 1/2-1/2

[Event "NED-ch KO"]
[Site "Utrecht"]
[Date "2023.07.05"]
[Round "2.3"]
[White "Pruijssers, Roeland"]
[Black "L'Ami, Erwin"]
[Result "0-1"]
[WhiteElo "2523"]
[BlackElo "2645"]
[PlyCount "83"]
[EventDate "2023.07.02"]
[EventType "k.o."]
[EventRounds "4"]
[EventCountry "NED"]
[SourceTitle "CBM 215 Extra"]
[Source "ChessBase"]
[SourceDate "2023.09.30"]
[SourceVersion "1"]
[SourceVersionDate "2023.09.30"]
[SourceQuality "1"]

1. c4 e6 2. Nf3 Nf6 3. b3 b6 4. Bb2 Bb7 5. e3 Be7 6. Nc3 0-0 7. Be2 d5 8. cxd5 Nxd5 9. Qc2 Nxc3 10. dxc3 Nd7 11. 0-0-0 Qc8 12. h4 Nc5 13. Rd4 f5 14. Ng5 h6 15. Nf3 Bf6 16. c4 Ne4 17. Bd3 c5 18. Rxe4 fxe4 19. Bxe4 Bxb2+ 20. Kxb2 Bxe4 21. Qxe4 Qd7 22. Rc1 Rad8 23. Rc2 Qf7 24. Ne5 Qf5 25. Qxf5 Rxf5 26. f4 Rd1 27. g4 Rxe5 28. fxe5 Rg1 29. Rd2 Rxg4 30. Rd7 Rxh4 31. Rxa7 Re4 32. Rb7 h5 33. Rxb6 h4 34. Rd6 h3 35. Rd2 Rh4 36. Rh2 g5 37. a4 g4 38. a5 g3 39. Rh1 g2 40. Rg1 Kf7 41. a6 Rh8 42. a7 0-1

[Event "Prague Challengers 5th"]
[Site "Prague"]
[Date "2023.06.27"]
[Round "6"]
[White "Bartel, Mateusz"]
[Black "L'Ami, Erwin"]
[Result "1/2-1/2"]
[WhiteElo "2609"]
[BlackElo "2645"]
[PlyCount "99"]
[EventDate "2023.06.20"]
[EventType "tourn"]
[EventRounds "9"]
[EventCountry "CZE"]
[EventCategory "12"]
[SourceTitle "CBM 215 Extra"]
[Source "ChessBase"]
[SourceDate "2023.09.30"]
[SourceVersion "1"]
[SourceVersionDate "2023.09.30"]
[SourceQuality "1"]

1. e4 e5 2. Nf3 Nc6 3. Bb5 Nf6 4. d3 d6 5. 0-0 a6 6. Bxc6+ bxc6 7. d4 exd4 8. Qxd4 Be7 9. Bg5 0-0 10. Nbd2 h6 11. Bh4 Be6 12. Rfe1 c5 13. Qc3 Qb8 14. b3 a5 15. a4 Qb4 16. Qd3 Rfe8 17. c4 Rad8 18. Qc2 Nd7 19. Bxe7 Rxe7 20. Rad1 Bg4 21. h3 Bxf3 22. Nxf3 Rde8 23. Re3 Re6 24. Rde1 Ne5 25. Nxe5 Rxe5 26. Qd1 Qb7 27. Qd3 f6 28. Kh2 Kh8 29. Qd2 Qa8 30. f3 R8e7 31. R1e2 Re8 32. Kg1 R5e6 33. Kf2 Kg8 34. h4 Re5 35. Re1 Kf8 36. Qd3 R8e7 37. f4 R5e6 38. h5 Qe8 39. g4 Kg8 40. Kf3 Kh8 41. Qd5 Qb8 42. Qd2 Qa8 43. R1e2 Re8 44. Qe1 R6e7 45. Rd3 Re6 46. Rde3 R6e7 47. Kg3 Rf8 48. Qc3 Kg8 49. Qd2 Rfe8 50. Kf3 1/2-1/2

[Event "Prague Challengers 5th"]
[Site "Prague"]
[Date "2023.06.24"]
[Round "4"]
[White "Akash, G."]
[Black "L'Ami, Erwin"]
[Result "0-1"]
[WhiteElo "2483"]
[BlackElo "2645"]
[PlyCount "134"]
[EventDate "2023.06.20"]
[EventType "tourn"]
[EventRounds "9"]
[EventCountry "CZE"]
[EventCategory "12"]
[SourceTitle "CBM 215 Extra"]
[Source "ChessBase"]
[SourceDate "2023.09.30"]
[SourceVersion "1"]
[SourceVersionDate "2023.09.30"]
[SourceQuality "1"]

1. e4 e5 2. Nf3 Nc6 3. Bb5 a6 4. Ba4 Nf6 5. 0-0 Be7 6. d3 b5 7. Bb3 d6 8. Bd2 0-0 9. h3 Rb8 10. Re1 Nd7 11. a3 Nc5 12. Bd5 Bd7 13. Be3 Bf6 14. Nc3 Ne6 15. Ne2 Ne7 16. Ba2 Ng6 17. Qd2 h6 18. Rf1 Bc6 19. Nc3 Ngf4 20. Nd5 Bxd5 21. exd5 Ng5 22. Nh2 Ng6 23. Qe2 Nh7 24. c3 Bg5 25. d4 Bxe3 26. fxe3 e4 27. Rf2 f5 28. g3 Qg5 29. Rg2 h5 30. Kh1 Qh6 31. b4 Ng5 32. h4 Nh7 33. c4 Nf6 34. Rc1 Rfc8 35. Rc3 Ne7 36. Qc2 Kh7 37. Qf2 g6 38. Qf4 bxc4 39. Rxc4 Nexd5 40. Qxh6+ Kxh6 41. Nf1 a5 42. bxa5 Ra8 43. a4 Rxa5 44. Rb2 Rca8 45. Bb3 R8a7 46. Rc1 Rb7 47. Rbb1 Rb4 48. Kg1 Ra7 49. Kf2 Rab7 50. Nd2 Ng4+ 51. Ke2 Ngxe3 52. a5 Ra7 53. Bxd5 Rxb1 54. Rxb1 Nxd5 55. Ra1 Kg7 56. Nc4 Kf6 57. Kd2 Rb7 58. Ra4 Ke6 59. Ra2 Kd7 60. a6 Ra7 61. Ne3 Nb4 62. Ra4 c5 63. Ng2 Nd5 64. dxc5 dxc5 65. Nf4 Nxf4 66. gxf4 Kc6 67. Ra1 Kb5 0-1

[Event "Prague Challengers 5th"]
[Site "Prague"]
[Date "2023.06.22"]
[Round "2"]
[White "Gledura, Benjamin"]
[Black "L'Ami, Erwin"]
[Result "1-0"]
[WhiteElo "2645"]
[BlackElo "2645"]
[PlyCount "75"]
[EventDate "2023.06.20"]
[EventType "tourn"]
[EventRounds "9"]
[EventCountry "CZE"]
[EventCategory "12"]
[SourceTitle "CBM 215 Extra"]
[Source "ChessBase"]
[SourceDate "2023.09.30"]
[SourceVersion "1"]
[SourceVersionDate "2023.09.30"]
[SourceQuality "1"]

1. c4 e6 2. Nf3 d5 3. e3 Nf6 4. Nc3 Be7 5. b3 0-0 6. Bb2 c5 7. cxd5 Nxd5 8. Qc2 Nc6 9. a3 b6 10. h4 f5 11. Bb5 Bb7 12. Nxd5 Qxd5 13. Bc4 Qd6 14. Ng5 Nd8 15. Qd1 g6 16. f4 Bxg2 17. Rh2 Bxg5 18. hxg5 Bd5 19. Qc2 Bxc4 20. Qc3 e5 21. Qxc4+ Ne6 22. Bxe5 Qd7 23. Bb2 Rad8 24. 0-0-0 b5 25. Qc3 Qg7 26. Qc2 Qd7 27. Rdh1 Rf7 28. Rh6 Kf8 29. Bf6 Rc8 30. Rxg6 Nd4 31. Qb2 Qd5 32. Rgh6 Nxb3+ 33. Kc2 c4 34. Qc3 Nc5 35. Rxh7 Qe4+ 36. Kc1 Ke8 37. Qe5+ Qxe5 38. fxe5 1-0

[Event "Bundesliga 2223"]
[Site "Germany"]
[Date "2023.02.05"]
[Round "6.8"]
[White "L'Ami, Erwin"]
[Black "Korobov, Anton"]
[Result "1-0"]
[WhiteElo "2617"]
[BlackElo "2672"]
[PlyCount "85"]
[EventDate "2022.10.21"]
[EventType "team-tourn"]
[EventRounds "15"]
[EventCountry "GER"]
[SourceTitle "CBM 214 Extra"]
[Source "ChessBase"]
[SourceDate "2023.07.31"]
[SourceVersion "1"]
[SourceVersionDate "2023.07.31"]
[SourceQuality "1"]
[WhiteTeam "Solingen"]
[BlackTeam "Viernheim"]
[WhiteTeamCountry "GER"]
[BlackTeamCountry "GER"]

1. d4 Nf6 2. c4 e6 3. Nf3 b6 4. g3 Bb7 5. Bg2 Be7 6. 0-0 0-0 7. Nc3 Ne4 8. Bd2 d5 9. cxd5 exd5 10. Qb3 Nxd2 11. Nxd2 c6 12. e4 dxe4 13. Ndxe4 Na6 14. Rad1 Nc7 15. Rfe1 Rb8 16. h4 Kh8 17. f4 Ne6 18. Qc4 b5 19. Qd3 b4 20. Na4 Qa5 21. b3 Rbd8 22. Qe3 Bc8 23. Qf2 Nc7 24. Ng5 Bf6 25. Bxc6 Nb5 26. d5 Bg4 27. Qc5 Bxd1 28. Rxd1 a6 29. d6 Rb8 30. Ne4 Qd8 31. Nxf6 Qxf6 32. d7 h6 33. Kh2 Qe6 34. Rd2 Rfd8 35. Nb6 Qe1 36. Nc4 Na3 37. Qf2 Qe7 38. Ne5 Nb1 39. Re2 Kg8 40. Bd5 Rxd7 41. Bxf7+ Qxf7 42. Nxf7 Rxf7 43. Qe1 1-0

[Event "Bundesliga 2223"]
[Site "Germany"]
[Date "2023.02.04"]
[Round "5.7"]
[White "Burg, Twan"]
[Black "L'Ami, Erwin"]
[Result "1/2-1/2"]
[WhiteElo "2511"]
[BlackElo "2617"]
[PlyCount "88"]
[EventDate "2022.10.21"]
[EventType "team-tourn"]
[EventRounds "15"]
[EventCountry "GER"]
[SourceTitle "CBM 212 Extra"]
[Source "ChessBase"]
[SourceDate "2023.03.31"]
[SourceVersion "1"]
[SourceVersionDate "2023.03.31"]
[SourceQuality "1"]
[WhiteTeam "Remagen Sinzig"]
[BlackTeam "Solingen"]
[WhiteTeamCountry "GER"]
[BlackTeamCountry "GER"]

1. e4 e5 2. Nf3 Nc6 3. Nc3 Nf6 4. d4 exd4 5. Nxd4 Bb4 6. Nxc6 bxc6 7. Bd3 d5 8. Bd2 0-0 9. 0-0 Rb8 10. Re1 Ng4 11. h3 Ne5 12. exd5 Nxd3 13. cxd3 cxd5 14. Qc1 Be6 15. Na4 Qh4 16. b3 Bd6 17. Bg5 Qd4 18. Qe3 c5 19. Rac1 Rfc8 20. Qxd4 cxd4 21. Rxc8+ Rxc8 22. Rc1 f6 23. Rxc8+ Bxc8 24. Bc1 Bd7 25. Bb2 Bxa4 26. bxa4 Bc5 27. f4 f5 28. g4 Kf7 29. Kf2 Kg6 30. Kg3 a6 31. Ba1 h5 32. Bb2 hxg4 33. hxg4 Kf6 34. Ba1 g6 35. Bb2 Ke6 36. Ba1 Kd7 37. Bb2 Kc6 38. gxf5 gxf5 39. Kh4 Kd7 40. Kg5 Ke6 41. Kg6 Bd6 42. Kg5 Be7+ 43. Kg6 Bd6 44. Kg5 Be7+ 1/2-1/2

[Event "Tata Steel-B 85th"]
[Site "Wijk aan Zee"]
[Date "2023.01.29"]
[Round "13"]
[White "Pechac, Jergus"]
[Black "L'Ami, Erwin"]
[Result "0-1"]
[WhiteElo "2637"]
[BlackElo "2627"]
[PlyCount "98"]
[EventDate "2023.01.13"]
[EventType "tourn"]
[EventRounds "13"]
[EventCountry "NED"]
[EventCategory "14"]
[SourceTitle "CBM 212"]
[Source "ChessBase"]
[SourceDate "2023.02.28"]
[SourceVersion "1"]
[SourceVersionDate "2023.02.28"]
[SourceQuality "1"]

1. e4 e5 2. Nf3 Nc6 3. Bb5 a6 4. Ba4 Nf6 5. 0-0 Be7 6. Re1 b5 7. Bb3 d6 8. c3 0-0 9. h3 Re8 10. Ng5 Rf8 11. Nf3 Re8 12. d4 Bb7 13. Nbd2 Bf8 14. a4 h6 15. Bc2 Nb8 16. b3 Nbd7 17. d5 c6 18. c4 Qc7 19. Ba3 Reb8 20. Bd3 bxa4 21. bxa4 Nc5 22. Bxc5 dxc5 23. Nf1 a5 24. Ne3 Bd6 25. Qc2 Bc8 26. Qc3 Bd7 27. Bc2 Rb4 28. Qd3 Re8 29. g4 g6 30. Kh1 cxd5 31. Nxd5 Nxd5 32. exd5 Qd8 33. Re4 Qf6 34. Ra3 Kg7 35. Kg2 h5 36. Qc3 hxg4 37. hxg4 Kf8 38. Qa1 Qg7 39. Ng5 f6 40. Ne6+ Rxe6 41. dxe6 Bc6 42. f3 f5 43. Qd1 Be7 44. Re1 Rxc4 45. g5 Qh8 46. Rh1 Rg4+ 47. Kf2 Rh4 48. Ra1 Rh2+ 49. Kg3 Qh4# 0-1

[Event "Tata Steel-B 85th"]
[Site "Wijk aan Zee"]
[Date "2023.01.27"]
[Round "11"]
[White "Vaishali, Ramesh Babu"]
[Black "L'Ami, Erwin"]
[Result "1/2-1/2"]
[WhiteElo "2425"]
[BlackElo "2627"]
[PlyCount "123"]
[EventDate "2023.01.13"]
[EventType "tourn"]
[EventRounds "13"]
[EventCountry "NED"]
[EventCategory "14"]
[SourceTitle "CBM 212"]
[Source "ChessBase"]
[SourceDate "2023.02.28"]
[SourceVersion "1"]
[SourceVersionDate "2023.02.28"]
[SourceQuality "1"]

1. e4 e5 2. Nf3 Nc6 3. Bb5 a6 4. Ba4 d6 5. 0-0 Bd7 6. c3 g6 7. d4 Bg7 8. Re1 Nf6 9. Nbd2 0-0 10. Nf1 exd4 11. cxd4 Bg4 12. Bxc6 bxc6 13. h3 Bxf3 14. Qxf3 Nd7 15. Be3 Qb8 16. Qe2 Qb5 17. Rac1 Rac8 18. b3 f5 19. exf5 gxf5 20. Qc4+ Rf7 21. Bf4 c5 22. dxc5 Nxc5 23. Red1 Re8 24. Ng3 Ne6 25. Nh5 Bb2 26. Rc2 Qxc4 27. Rxc4 Ng7 28. Nxg7 Kxg7 29. Rc6 a5 30. Bd2 Ra8 31. Rb1 Bd4 32. Rbc1 Bb6 33. Be3 Bxe3 34. fxe3 Ra7 35. Kf2 Kf6 36. Kf3 Ke5 37. Rd1 Ra8 38. Rdc1 Ra7 39. Rd1 Rg7 40. Rdc1 Kd5 41. R1c2 h6 42. Kf4 Ke6 43. g3 Rf7 44. Rd2 Rf8 45. Rdc2 Kd7 46. R2c3 Rf7 47. Rc2 Ke6 48. Rd2 h5 49. Rd4 Rg7 50. Rdc4 Rh7 51. Kg5 Rb7 52. Ra6 Rb8 53. Kh4 Rg8 54. e4 c5 55. exf5+ Kxf5 56. Rf4+ Ke5 57. Rxa5 Rhg7 58. Rf3 Ke4 59. Rf4+ Ke5 60. Rf3 Ke4 61. Rf4+ Ke5 62. Rf3 1/2-1/2

[Event "Tata Steel-B 85th"]
[Site "Wijk aan Zee"]
[Date "2023.01.20"]
[Round "6"]
[White "L'Ami, Erwin"]
[Black "Warmerdam, Max"]
[Result "1-0"]
[WhiteElo "2627"]
[BlackElo "2616"]
[PlyCount "103"]
[EventDate "2023.01.13"]
[EventType "tourn"]
[EventRounds "13"]
[EventCountry "NED"]
[EventCategory "14"]
[SourceTitle "CBM 212"]
[Source "ChessBase"]
[SourceDate "2023.02.28"]
[SourceVersion "1"]
[SourceVersionDate "2023.02.28"]
[SourceQuality "1"]

1. d4 d5 2. c4 c6 3. Nf3 Nf6 4. e3 Bf5 5. Nc3 e6 6. Nh4 Be4 7. f3 Bg6 8. Qb3 Qc7 9. cxd5 cxd5 10. Bd2 Nc6 11. 0-0-0 a6 12. Nxg6 hxg6 13. Kb1 b5 14. Ne2 Na5 15. Bxa5 Qxa5 16. e4 Be7 17. Qe3 Rc8 18. Nf4 0-0 19. exd5 Bd6 20. Bd3 Bxf4 21. Qxf4 Nxd5 22. Qd2 b4 23. Ka1 Qa4 24. h4 b3 25. a3 a5 26. Kb1 Rc7 27. h5 Rfc8 28. hxg6 Rc2 29. Rh8+ Kxh8 30. gxf7 Rxb2+ 31. Kxb2 Qxd4+ 32. Kb1 Qh4 33. Rc1 Rb8 34. Qe1 Qxe1 35. Rxe1 g5 36. Rxe6 Nc3+ 37. Kc1 Rf8 38. Re8 Kg7 39. Bc4 a4 40. Kb2 Nd1+ 41. Kc1 Nf2 42. Kd2 g4 43. fxg4 Nxg4 44. Bd5 Nf2 45. Rxf8 Kxf8 46. Bc6 b2 47. Kc2 Nd1 48. Bf3 Ne3+ 49. Kxb2 Nc4+ 50. Kc3 Nxa3 51. Be2 Kxf7 52. Kb2 1-0